Регионална библиотека "Любен Каравелов" - Русе

Гибелна буря (Запис номер 327954)

MARC детайли
000 -Лидер
Контролно поле с фиксирана дължина 01246nam a2200325 c 4500
003 - Код на организацията, давaща контролен номер
Контролно поле BLK
005 - Дата и час на последна редакция
Контролно поле 20250517124525.0
008 - Елементи от данни с фиксирана дължина
fixed length control field 180411b bul|||||r ||||||| ||bul||
010 ## - Наследен системен номер
LC control number KNG00188094000
020 ## - Международен стандартен номер на книга ISBN
Международен стандартен номер на книга ISBN 978-954-28-2746-7
040 ## - Източник на каталожния запис
Идентификатор на билиотеката - собственик на записа BLK
041 ## - Код за език
Код за езика на текст/звукозапис или на отделно заглавие Български
Код за езика КДБФ Български
080 ## - УДК
Текстов определител УДК Американска литература (на САЩ)
УДК код - определител по УДК 821.111(73)
УДК определител -312.9
УДК - код + определител 821.111(73)-312.9
100 1# - Редна дума - Автор
Автор Айвярд, Виктория
Авторска отговорност първи автор
R(LIN) 29736
139 ## - Редно поле
Редна дума Айвярд, Виктория
Авторски знак Аи - А 37
245 10 - Сведения за заглавието
Заглавие Гибелна буря
Подзаглавни данни Роман
Редно поле (дума) Виктория Айвярд; прев. от англ. Деница Райкова.
257 ## - Страна на издаване
Страна на създаване/издаване Съединени американски щати
260 ## - Област на издателските данни
Място на издаване, разпространение и проч. София
Име на издателя, разпространителя и проч. Сиела Софт енд Паблишинг
Година на издаване 2018
300 ## - Физическа характеристика
Страници 832 с.
Размери/Мащаб 20 см
380 ## - Жанр
Жанр Худож. лит.
490 ## - СЕРИИ (Колекции)
Име на серия Алена кралица
№: серия Кн. 4
9 (RLIN) 487956
700 ## - Други автори (авторска отговорност)
Лично име Райкова, Деница Иванова
Дати, свързани с автора 1977 -
Друга информация преводач от англ. език, автор на кратка проза
Автороска отговорност (Описва отношението между автора и произведението) прев. от англ.
9 (RLIN) 262557
852 ## - Местоположение
Фондова буква Заемна - подръчен фонд
Систематично-азбучна сигнатура П 820(73)-31/А 37
856 4# - Електронен адрес и достъп
Електронен формат pdf - файл
856 4# - Електронен адрес и достъп
Електронен формат pdf - файл
942 ## - АРТИКУЛИ
Вид на библиотечния материал Книги
Скрит в OPAC Не
Koha issues (borrowed), all copies 27
999 ## - СИСТЕМНИ КОНТРОЛНИ НОМЕРА
Koha biblionumber 327954
Koha biblioitemnumber 327954
999 ## - СИСТЕМНИ КОНТРОЛНИ НОМЕРА
Koha biblioitemnumber 327954
999 ## - СИСТЕМНИ КОНТРОЛНИ НОМЕРА
Koha biblioitemnumber 327954
944 ## - СЪЗДАВАНЕ И РЕДАКЦИЯ на ЗАПИСА
Служител, извършил регистрацията/редакцията 30534
Статус, дата на статуса Радостина Карадакова
Наличности
Код за отписване Код за изгубен артикул Източник на класификационната схема Код за повреда Код за отдаване Артикулен № Име на библиотеката - собственик Име на библиотеката, в която се намира в момента Статус (Текущо местоположение) Дата на вписване в системата Местоположение - отдел Цена в лева Систематично азбучна сигнатура Баркод Цена в евро Служебен тип на артикула Инвентарен номер
  Не е изгубен Universal Decimal Classification Не е повреден заемане за дома 687718 Регионална библиотека "Любен Каравелов" Русе Регионална библиотека "Любен Каравелов" Русе Заемна - подръчен фонд 2018-12-27 Заемна - подръчен фонд 19.90 П 820(73)-31/А 37 120000828699 10.17 Книги  
  Не е изгубен Universal Decimal Classification Не е повреден заемане за дома 772405 Регионална библиотека "Любен Каравелов" Русе Регионална библиотека "Любен Каравелов" Русе Заемна - подръчен фонд 2020-05-28 Заемна - подръчен фонд 9.95 821-31/А 37 В 120000843483 5.09 Книги 120000843483
  Не е изгубен Universal Decimal Classification Не е повреден заемане за дома 772406 Регионална библиотека "Любен Каравелов" Русе Регионална библиотека "Любен Каравелов" Русе Заемна - подръчен фонд 2020-05-28 Заемна - подръчен фонд 9.95 821-31/А 37 В 120000843482 5.09 Книги 120000843482
Vip Innovations Ltd, Rousse, Bulgaria 2025